书目信息 |
| 题名: |
俄罗斯名诗300首
|
|
| 作者: | 谷羽 译 | |
| 分册: | ||
| 出版信息: | 桂林 漓江出版社 1999.01 |
|
| 页数: | 327页 | |
| 开本: | 32开 | |
| 丛书名: | ||
| 单 册: | ||
| 中图分类: | I512.24 | |
| 科图分类: | ||
| 主题词: | 文学 | |
| 电子资源: | ||
| ISBN: | 7-5407-2372-6 | |
| 000 | 00525nam0 2200193 45 | |
| 001 | 0011111581 | |
| 005 | 20001111155936.2 | |
| 010 | @a7-5407-2372-6@d14.50元 | |
| 100 | @a20001111d1999 km y0chiy0120 ea | |
| 101 | 0 | @achi |
| 105 | @a z 000yy | |
| 200 | 1 | @a俄罗斯名诗300首@AE Luo Si Ming Shi 300 Shou@f谷羽译@FGu Yu Yi |
| 210 | @a桂林@c漓江出版社@d1999.01 | |
| 215 | @a327页@d32开 | |
| 606 | 0 | @a文学 |
| 690 | @aI512.24@v3 | |
| 701 | 0 | @a谷羽@4译 |
| 801 | @aCN@bPftUser@c20001111 | |
| 905 | @b402264-265@dI512.24@eW.799@f2 | |
| 俄罗斯名诗300首/谷羽译.-桂林:漓江出版社,1999.01 |
| 327页;32开 |
| ISBN 7-5407-2372-6:14.50元 |
| ● |
| 相关链接 |
|
|
|
正题名:俄罗斯名诗300首
索取号:I512.24/W.799
 
预约/预借
| 序号 | 登录号 | 条形码 | 馆藏地/架位号 | 状态 | 备注 |
| 1 | 402264 | 204022645 | 社科二线400B/400B社科库 16排4列2层/ [索取号:I512.24/W.799] | 在馆 | |
| 2 | 402265 | 204022654 | 文学库116/ [索取号:I512.24/W.799] | 在馆 |